02552nam a2200289 u 4500001001500000007000300015008004100018017004300059020001800102040002800120041001200148100002900160245004700189250006100236264003400297264000900331300002400340490003300364520080400397520090501201586002302106650001902129650002302148650001902171650002402190651004802214Rebiun35743855ta240527s2024 sp g 000pf spa d aB 3694-2024, bBiblioteca de Catalunya a9788423365296 aUGR erdabEnglishctbs aSpanish aGener, Ramon, eauthor. 10aHistoria de un piano 31187 c/ Ramon Gener aFirst edition: March 2024. Third impression: April 2024. 1aBarcelona : bDestino, c2024 4c2024 a464 pages; c23 cm.0 aÁncora y delfín ; v16513 aEl protagonista de esta novela encuentra el piano de sonido aterciopelado que siempre ha querido en una pequeña tienda de un barrio barcelonés. Janusz Borowski, un hombre misterioso nacido en un bosque al este de Polonia, le advierte de que se trata de un instrumento muy especial, que deberá cuidar. El piano de cola, con el número de serie 31887, es un Grotrian-Steinweg construido en 1915 en la ciudad alemana de Brunsvic. El inesperado descubrimiento de un secreto oculto en su interior llevará al protagonista a iniciar un largo viaje en un relato que recorre la Europa del siglo XX. Historia de un piano es una novela cautivadora sobre la vida de un instrumento que se convierte en metáfora del poder redentor del amor, de la amistad, de la belleza, y por supuesto, de la música.3 aThe protagonist of this novel finds the velvety-sounding piano he’s always wanted in a small shop in a Barcelona neighborhood. Janusz Borowski, a mysterious man born in a forest in eastern Poland, warns him that it’s a very special instrument—one that must be handled with care. The grand piano, serial number 31887, is a Grotrian-Steinweg built in 1915 in the German city of Brunswick. The unexpected discovery of a hidden secret inside it leads the protagonist on a long journey through a story that traverses twentieth-century Europe. History of a Piano is a captivating novel about the life of an instrument that becomes a metaphor for the redemptive power of love, friendship, beauty—and, of course, music. The Story of a Piano is a captivating novel about the life of an instrument that becomes a metaphor for the redemptive power of love, friendship, beauty – and, of course, music. aRamón Llull 2024 0aPianovFiction 0aMusiciansvFiction 0a lovevFiction 0aFriendshipvFiction 0aEuropexHistory -- 20th century -- Fiction.